Medieval representation and consent ; a study of early parliaments in England and Ireland, with special reference to the Modus tenendi parliamentum.

Bibliographic Details
Main Author: Clarke, M. V. (Maude Violet), 1892-1935
Format: Book
Language:English
Latin
Published: New York : Russell & Russell, 1964.
Subjects:

MARC

Tag First Indicator Second Indicator Subfields
LEADER 00000cam a2200000 4500
001 in00000067852
005 20151008050823.0
008 720320r19641936nyu b 00000 eng u
010 |a  64015027  
035 |a (OCoLC)00266091 
035 |9 AAG3607AM 
040 |c YNG  |d OCL  |d TXA  |d UtOrBLW 
041 0 |a eng  |a lat 
049 |a TXAM  |c [426528] 
050 0 |a JN515  |b .C45 1964 
092 |a 328.42  |b C599m, 1964 
100 1 |a Clarke, M. V.  |q (Maude Violet),  |d 1892-1935. 
245 1 0 |a Medieval representation and consent ;  |b a study of early parliaments in England and Ireland, with special reference to the Modus tenendi parliamentum. 
264 1 |a New York :  |b Russell & Russell,  |c 1964. 
300 |a vii, 408 pages 
336 |a text  |b txt  |2 rdacontent 
337 |a unmediated  |b n  |2 rdamedia 
338 |a volume  |b nc  |2 rdacarrier 
500 |a "First published in 1936; reissued, 1964." 
500 |a The Latin text of the English and Irish versions of the Modus tenendi parliamentum: pages 373-392. 
504 |a Bibliographical footnotes. 
610 1 0 |a Great Britain.  |b Parliament. 
610 1 0 |a Great Britain.  |b Parliament  |v Rules and practice. 
630 0 0 |a Modus tenendi parliamentum. 
650 0 |a Representative government and representation  |z Great Britain. 
999 |a MARS 
999 f f |s 9930b4f1-3a5d-337c-9c3d-0601629ba3c9  |i d4c39847-ef29-337b-808e-e21be8c956b2  |t 0 
952 f f |p ric  |a Texas A&M University  |b Rellis Campus  |c Joint Library Facility  |d Remote Storage  |t 0  |e JN515 .C45 1964  |h Library of Congress classification  |i unmediated -- volume  |m A14800681730 
998 f f |a JN515 .C45 1964  |t 0  |l Remote Storage